[Event "Nizhnij Novgorod-ch HL"]
[Site "Nizhnij Novgorod"]
[Date "2009.11.14"]
[Round "?"]
[White "Smirnova, Anastasia"]
[Black "Teverovsky, Alexander"]
[Result "1/2-1/2"]
[WhiteElo "1977"]
[BlackElo "2155"]
[PlyCount "78"]
[EventDate "2009.11.14"]
[EventType "swiss"]
[EventRounds "9"]
[EventCountry "RUS"]
[SourceTitle "EXT 2022"]
[Source "ChessBase"]
[SourceDate "2021.10.06"]
[SourceVersion "1"]
[SourceVersionDate "2021.10.06"]
[SourceQuality "1"]

1. d4 Nf6 2. c4 g6 3. Nc3 Bg7 4. e4 0-0 5. Nf3 d6 6. Be2 Nbd7 7. 0-0 e5 8. d5 Nc5 9. Nd2 a5 10. f3 Bh6 11. Nb3 Bxc1 12. Qxc1 b6 13. Nxc5 bxc5 14. f4 Qe7 15. f5 Ne8 16. Qh6 Qf6 17. fxg6 Qxg6 18. Qh4 f5 19. exf5 Bxf5 20. Rf3 Ng7 21. Raf1 Bc2 22. Rf6 Rxf6 23. Rxf6 Qe8 24. Bf3 Qe7 25. Be4 Bxe4 26. Nxe4 Rf8 27. Rxf8+ Kxf8 28. Qxh7 Qf7 29. Qh8+ Ke7 30. Qh4+ Kd7 31. Qg4+ Kd8 32. Ng5 Qf6 33. h4 Nf5 34. Ne6+ Kc8 35. Ng7 Qxg7 36. Qxf5+ Kb7 37. Qg5 Qh7 38. h5 Qd3 39. h6 e4 1/2-1/2

[Event "Vladimir op-B"]
[Site "Vladimir"]
[Date "2009.08.28"]
[Round "9"]
[White "Teverovsky, Alexander"]
[Black "Karasev, Valery"]
[Result "1-0"]
[WhiteElo "2171"]
[BlackElo "1931"]
[PlyCount "165"]
[EventDate "2009.08.19"]
[EventType "swiss"]
[EventRounds "9"]
[EventCountry "RUS"]
[SourceTitle "EXT 2012"]
[Source "ChessBase"]
[SourceDate "2011.11.24"]
[SourceVersion "1"]
[SourceVersionDate "2011.11.24"]
[SourceQuality "1"]

1. d4 d5 2. Nf3 e6 3. Bg5 Be7 4. Bxe7 Nxe7 5. e3 0-0 6. Bd3 Ng6 7. 0-0 Nd7 8. c4 dxc4 9. Bxc4 Nf6 10. Nc3 c6 11. b4 b6 12. Qb3 Bb7 13. Rfd1 Qe7 14. Rd2 Rfd8 15. Rad1 b5 16. Be2 a5 17. bxa5 Rxa5 18. Ne5 Nf8 19. Bf3 Nd5 20. Ne4 f6 21. Nd3 Ra3 22. Qb2 Rda8 23. Nec5 Bc8 24. Bxd5 exd5 25. Nb4 Qd6 26. Rd3 Rxd3 27. Rxd3 Nd7 28. Rc3 Nb6 29. Qe2 Nc4 30. Qf3 g6 31. Qg3 Kf7 32. Qxd6 Nxd6 33. Nxc6 Rxa2 34. h3 Rb2 35. Nd3 Rb1+ 36. Kh2 Bf5 37. Nf4 Ne4 38. Rc2 b4 39. Nxb4 Rxb4 40. Rc7+ Kg8 41. f3 Ng5 42. Nxd5 Rb2 43. Nxf6+ Kf8 44. Nxh7+ Nxh7 45. Rxh7 Bd3 46. Rh4 Bf1 47. Rg4 Kf7 48. h4 Kf6 49. e4 Bb5 50. Rg5 Be2 51. Kh3 Bd3 52. d5 Rb3 53. e5+ Kf7 54. h5 gxh5 55. Rxh5 Kg6 56. g4 Be4 57. d6 Rxf3+ 58. Kh2 Rd3 59. Rh8 Bc6 60. Rc8 Bd7 61. Rg8+ Kf7 62. Rg5 Be6 63. Kg2 Bd5+ 64. Kh2 Be4 65. Kg1 Bg6 66. Kf2 Rd4 67. Ke3 Rd3+ 68. Kf4 Rd4+ 69. Ke3 Rd1 70. Kf4 Bc2 71. Rh5 Rd4+ 72. Kg3 Bb3 73. Rh7+ Ke8 74. Re7+ Kd8 75. g5 Bd1 76. Rh7 Rg4+ 77. Kf2 Rxg5 78. e6 Rf5+ 79. Kg3 Rh5 80. Ra7 Kc8 81. d7+ Kb8 82. d8Q+ Kxa7 83. Qxd1 1-0

[Event "Vladimir op-B"]
[Site "Vladimir"]
[Date "2009.08.26"]
[Round "7"]
[White "Teverovsky, Alexander"]
[Black "Vysotsky, Alexander"]
[Result "0-1"]
[WhiteElo "2171"]
[BlackElo "2040"]
[PlyCount "74"]
[EventDate "2009.08.19"]
[EventType "swiss"]
[EventRounds "9"]
[EventCountry "RUS"]
[SourceTitle "EXT 2012"]
[Source "ChessBase"]
[SourceDate "2011.11.24"]
[SourceVersion "1"]
[SourceVersionDate "2011.11.24"]
[SourceQuality "1"]

1. e4 Nf6 2. e5 Nd5 3. d4 d6 4. Nf3 Bg4 5. Be2 e6 6. 0-0 Be7 7. c4 Nb6 8. b3 Nc6 9. exd6 cxd6 10. Bb2 d5 11. Nbd2 0-0 12. Ne5 Bxe2 13. Qxe2 Nxe5 14. dxe5 dxc4 15. bxc4 Qc7 16. Rac1 Rfd8 17. Ne4 Na4 18. Nf6+ gxf6 19. exf6 Bf8 20. Be5 Qc5 21. Rb1 Nb6 22. Rfc1 Kh8 23. Rb5 Qa3 24. Bb2 Qd3 25. Qg4 Nxc4 26. Rxb7 Nxb2 27. Rxb2 Rac8 28. Rf1 Rb8 29. Re2 Rb1 30. Ree1 Rxe1 31. Rxe1 Qc3 32. Rb1 Qxf6 33. g3 Bc5 34. Qe2 Qf5 35. Rb7 Kg8 36. Rc7 Bb6 37. Rc4 Bxf2+ 0-1

[Event "Vladimir op-B"]
[Site "Vladimir"]
[Date "2009.08.24"]
[Round "5"]
[White "Teverovsky, Alexander"]
[Black "Yefimov, Mstislav"]
[Result "1-0"]
[WhiteElo "2171"]
[BlackElo "1976"]
[PlyCount "42"]
[EventDate "2009.08.19"]
[EventType "swiss"]
[EventRounds "9"]
[EventCountry "RUS"]
[SourceTitle "EXT 2012"]
[Source "ChessBase"]
[SourceDate "2011.11.24"]
[SourceVersion "1"]
[SourceVersionDate "2011.11.24"]
[SourceQuality "1"]

1. c4 c6 2. g3 d5 3. Bg2 Nf6 4. Nf3 dxc4 5. 0-0 Bf5 6. a4 e6 7. Na3 h6 8. Nxc4 Nbd7 9. a5 a6 10. d3 Be7 11. Be3 0-0 12. Qb3 Qc8 13. Rfc1 Bh7 14. Bd4 Nd5 15. Nfe5 Nxe5 16. Bxe5 Ra7 17. Bd4 c5 18. Nb6 Qd8 19. Bxc5 Bxc5 20. Rxc5 Qd6 21. Rac1 Rd8 1-0

[Event "Vladimir op-B"]
[Site "Vladimir"]
[Date "2009.08.21"]
[Round "3"]
[White "Teverovsky, Alexander"]
[Black "Belousov, Danila"]
[Result "0-1"]
[WhiteElo "2171"]
[BlackElo "2354"]
[PlyCount "120"]
[EventDate "2009.08.19"]
[EventType "swiss"]
[EventRounds "9"]
[EventCountry "RUS"]
[SourceTitle "EXT 2012"]
[Source "ChessBase"]
[SourceDate "2011.11.24"]
[SourceVersion "1"]
[SourceVersionDate "2011.11.24"]
[SourceQuality "1"]

1. Nf3 c5 2. c4 Nf6 3. Nc3 b6 4. g3 Bb7 5. Bg2 e6 6. 0-0 Be7 7. b3 0-0 8. d4 cxd4 9. Qxd4 d6 10. Rd1 Nbd7 11. Bb2 a6 12. Ne1 Bxg2 13. Nxg2 Qc7 14. Rac1 Qb7 15. Ba3 Nc5 16. Ne3 Rfe8 17. b4 Nce4 18. Nxe4 Nxe4 19. f3 Nf6 20. Bb2 b5 21. c5 dxc5 22. bxc5 Rac8 23. Qe5 b4 24. Kf1 h6 25. Rc4 Qb5 26. c6 Qa4 27. c7 Qxa2 28. g4 Bf8 29. Ra1 Qb3 30. Rxa6 Nd5 31. Re4 f6 32. Qd4 Nxc7 33. Rb6 Red8 34. Rxb4 Bxb4 35. Qxb4 Qxb4 36. Rxb4 Rb8 37. Bc3 Rxb4 38. Bxb4 Nd5 39. Nxd5 Rxd5 40. Kf2 Kf7 41. Ba3 Rb5 42. Bd6 Rb3 43. Bc5 h5 44. h3 Kg6 45. Bf8 Rb7 46. Kg3 Rb2 47. Kf2 Kf7 48. Ba3 Ra2 49. Bb4 e5 50. Bc5 g6 51. Bb6 Ke6 52. Bd8 f5 53. Bg5 Kd5 54. Bf6 Ra4 55. Kg3 hxg4 56. hxg4 fxg4 57. fxg4 Re4 58. Bg5 Rxe2 59. Kf3 Ra2 60. Bh6 Ra3+ 0-1

[Event "Kstovo op"]
[Site "Kstovo"]
[Date "2008.09.11"]
[Round "6"]
[White "Pristalov, Evgeny"]
[Black "Teverovsky, Alexander"]
[Result "0-1"]
[WhiteElo "1843"]
[BlackElo "2158"]
[PlyCount "66"]
[EventDate "2008.09.06"]
[EventType "swiss"]
[EventRounds "9"]
[EventCountry "RUS"]
[SourceTitle "CBM 126 Extra"]
[Source "ChessBase"]
[SourceDate "2008.11.05"]
[SourceVersion "1"]
[SourceVersionDate "2008.11.05"]
[SourceQuality "1"]

1. e4 c5 2. Nf3 Nc6 3. c3 d5 4. exd5 Qxd5 5. d4 Bg4 6. Be2 e6 7. 0-0 Nf6 8. Be3 cxd4 9. cxd4 Be7 10. Nc3 Qa5 11. h3 Bh5 12. a3 0-0 13. b4 Qd8 14. Na4 Nd5 15. Rc1 Rc8 16. Qd3 Bf6 17. Rfd1 b6 18. Nc3 Nxc3 19. Rxc3 Ne7 20. Rxc8 Qxc8 21. Rc1 Qb8 22. Qc4 Rd8 23. Qa6 h6 24. Rc4 Bg6 25. Bf1 Be4 26. Rc1 Bxf3 27. gxf3 e5 28. dxe5 Qxe5 29. Re1 Qf5 30. Kg2 Bc3 31. Re2 Nd5 32. Qc4 Rd6 33. Qe4 Qh5 0-1

[Event "Nizhnij Novgorod Region-ch"]
[Site "Nizhnij Novgorod"]
[Date "2007.10.??"]
[Round "?"]
[White "Teverovsky, Alexander"]
[Black "Yelizarov, Alexey"]
[Result "1-0"]
[WhiteElo "2198"]
[BlackElo "1945"]
[PlyCount "72"]
[EventDate "2007.10.??"]
[EventType "swiss"]
[EventRounds "9"]
[EventCountry "RUS"]
[SourceTitle "EXT 2009"]
[Source "ChessBase"]
[SourceDate "2008.11.26"]
[SourceVersion "1"]
[SourceVersionDate "2008.11.26"]
[SourceQuality "1"]

1. e4 c5 2. Nf3 e6 3. d4 cxd4 4. Nxd4 Nf6 5. Nc3 Bb4 6. Bd3 d5 7. e5 Nfd7 8. Qe2 a6 9. 0-0 Qc7 10. f4 Bc5 11. Be3 Nc6 12. Nxc6 bxc6 13. Bxc5 Nxc5 14. Qg4 g6 15. Kh1 Nxd3 16. cxd3 Qb6 17. Rab1 Rb8 18. Qg5 Qe3 19. Nd1 Qxd3 20. Nf2 Qf5 21. Qg3 h5 22. Qc3 Bd7 23. Nd3 0-0 24. Nc5 Bc8 25. b4 Rd8 26. Nb3 Qg4 27. Nd4 Bd7 28. Qc5 Kg7 29. Qe7 h4 30. Rb3 Rbc8 31. Rh3 c5 32. bxc5 Bb5 33. Qf6+ Kf8 34. Rg1 g5 35. Nxb5 axb5 36. fxg5 Rxc5 1-0

[Event "Nizhnij Novgorod Region-ch"]
[Site "Nizhnij Novgorod"]
[Date "2007.10.??"]
[Round "?"]
[White "Zanozin, Anatoly"]
[Black "Teverovsky, Alexander"]
[Result "0-1"]
[WhiteElo "2145"]
[BlackElo "2198"]
[PlyCount "66"]
[EventDate "2007.10.??"]
[EventType "swiss"]
[EventRounds "9"]
[EventCountry "RUS"]
[SourceTitle "EXT 2009"]
[Source "ChessBase"]
[SourceDate "2008.11.26"]
[SourceVersion "1"]
[SourceVersionDate "2008.11.26"]
[SourceQuality "1"]

1. e4 c5 2. Nf3 Nc6 3. d4 cxd4 4. Nxd4 g6 5. Nc3 Bg7 6. Be3 Nf6 7. f3 0-0 8. Qd2 d5 9. Nxc6 bxc6 10. 0-0-0 Be6 11. exd5 Bxd5 12. Nxd5 Nxd5 13. Bd4 Qc7 14. Bxg7 Kxg7 15. h4 h5 16. Bc4 Rad8 17. Rhe1 e5 18. g4 Rh8 19. g5 Rhe8 20. Qe2 Qa5 21. Qe4 Qc5 22. Rd3 f6 23. gxf6+ Nxf6 24. Qe2 Rd4 25. Bb3 Rxh4 26. Qg2 e4 27. Rg1 Qf5 28. fxe4 Rhxe4 29. Rf3 Qg4 30. Rg3 Re1+ 31. Rxe1 Rxe1+ 32. Kd2 Rd1+ 33. Ke3 Qd4+ 0-1